Responses for Show #3894 - Thursday, July 5, 2001

Contestants

[<< previous game]

Pat Phillips, an administrative assistant from Brea, California

Neil Moura, a college professor from Carlsbad, California

Ellen Carson, an attorney and physician from Brooklyn, New York (whose 1-day cash winnings total $7,600)

[next game >>]

Jeopardy! Round responses

EUROPEAN GEOGRAPHY
1987 FILMS
WILDLIFE
LAS VEGAS MUSEUMS?!
FRENCH EPONYMS
STOP THE "PRES"!
    $100 11
Ireland

Neil
    $100 13
Woody Allen

Neil
    $100 21
legs

Pat
    $100 26
blue suede shoes

Ellen
    $100 1
(Louis) Braille

Ellen
    $100 4
presentation

Triple Stumper
    $200 12
Norway

Triple Stumper
    $200 14
Roxanne

Ellen
    $200 22
nectar

Pat
    $200 27
King Tut

Neil
    $200 2
Guillotin

Neil
    $200 5
(Pat: [*]. STOP THE "PRES"! for--)
(Alex: Hang on. Remember, you have to phrase it in the form of a question.)
(Pat: Excuse me. What is [*]?)
(Alex: We let you get away with it in the first round, of course.)

prescription

Pat
    $300 16
Tagus

Pat
    $300 15
(Alex: That's right. One of my favorites and my kids' favorites as well.)
[Pat gave her response without the "The" to complete the title.]

Princess Bride

Pat
    $300 23
(Pat: What is walkabout?)

mate

Pat
Triple Stumper
    $300 28
[The end-of-round signal sounds.]

airsick bags

Neil
    $300 3
(Ellen: Who is Mignon?)

(Vicomte de) Chateaubriand

Ellen
Triple Stumper
    $300 6
press box

Ellen
    $400 17
Douglas

Pat
    $400 20
Elisabeth Shue

Ellen
    $400 24
liver

Neil
    $400 9
chauvinist

Pat
    $400 7
preservation

Pat
    $500 18
(Pat: What is Poland?)

Romania

EllenPat
    $500 19
(Ellen: Who is Danny DeVito?)

Barry Levinson

EllenNeil
    $600 25
(Neil: What is the cardinal?)

Baltimore oriole

Neil
    $500 10
(Alex: [*] for Madame de [*].)

pompadour

Pat
    $500 8
prestige

Pat

Scores at the first commercial break (after clue 15):

Ellen Neil Pat
$300 $400 $2,300

Scores at the end of the Jeopardy! Round:

Ellen Neil Pat
$800 $1,200 $2,500

Double Jeopardy! Round responses

SHAKESPEARE'S FILMS
MY PHYSICS PROFESSOR
IBN SEARCHING SO LONG
BLACK AMERICANS
PLASTICS
WORD"ZZ"
(Alex: Each correct response will end with those letters.)
    $200 5
Romeo

Neil
    $200 25
University of Chicago

Pat
    $200 20
blood

Neil
    $200 6
Colin Powell

Pat
    $200 14
(Neil: What is molding?)

heating

NeilPat
    $200 9
fuzz

Pat
    $400 4
The Tempest

Neil
    $400 26
(Neil: Who is Fuller?)

(J. Robert) Oppenheimer

Neil
Triple Stumper
    $400 21
jazz

Ellen
    $400 7
Sidney Poitier

Neil
    $400 15
vinyl

Neil
    $400 10
pizzazz

Neil
    $600 1
The Taming of the Shrew

Ellen
    $600 27
(Edward) Teller

Pat
    $500 22
(Ellen: What is Saudi Arabia?)

Jordan

Ellen
    $600 8
straightening

Ellen
    $600 18
epoxy

Pat
    $600 11
razz

Neil
    $800 2
Henry V

Ellen
    $800 28
[The end-of-round signal sounds.]

Volta

Ellen
    $800 23
(What is Madagascar?)

Zanzibar

Pat
Triple Stumper
    $800 16
Maya Angelou

Pat
    $800 19
(Pat: What is acrylic?)

Plexiglas

NeilPat
    $800 12
buzz

Pat
    $1000 3
Love's Labour's Lost

Ellen
    $1000 24
(Neil: Who is Abba Eban?)
...
(Alex: Abba Eban was Israeli. [*] was the king of Saudi Arabia.)

Ibn Saud

Neil
Triple Stumper
    $1000 17
(Ellen: Who is Harriet Tubman?)

Sojourner Truth

EllenPat
    $1000 13
Shabazz

Pat

Scores at the end of the Double Jeopardy! Round:

Ellen Neil Pat
$3,500 $3,000 $6,500

[wagering suggestions for these scores]

Final Jeopardy! Round responses

CELEBRITIES
(Alex: [Before going to the responses] Who played somebody associated with buses on television or on film?)
[Ellen slaps her hand on the lectern.]
(Alex: Oh, Ellen remembers now. Oh darn. It's-a too late.)
...
(Ellen: [After her wager was revealed] To the Moon!)
[Laughter]
NeilWho was Jackie Gleason?
$2,900
EllenWho ?
$3,500
PatWho is Jackie Gleason
$501
Jackie Gleason

Final scores:

Ellen Neil Pat
$0 $5,900 $7,001
3rd place: Casablanca Avio desktop video editor 2nd place: trip to Allegro Resort Pineapple Beach in Antigua New champion: $7,001

Game dynamics:

Coryat scores:

Ellen Neil Pat
$4,000 $3,600 $6,500
12 R,
4 W
(including 1 DD)
15 R,
4 W
(including 1 DD)
20 R,
4 W

Combined Coryat: $14,100

[game clues] [game scores] [suggest correction]

Game tape date: 2001-03-07
The J! Archive is created by fans, for fans. Scraping, republication, monetization, and malicious use prohibited; this site may use cookies and collect identifying information. See terms. The Jeopardy! game show and all elements thereof, including but not limited to copyright and trademark thereto, are the property of Jeopardy Productions, Inc. and are protected under law. This website is not affiliated with, sponsored by, or operated by Jeopardy Productions, Inc. Join the discussion at JBoard.tv.